| 000 | 00400nam a22001337a 4500 | ||
|---|---|---|---|
| 005 | 20161117142525.0 | ||
| 008 | 161117b xxu||||| |||| 00| 0 eng d | ||
| 040 | _cPK-LaUMT | ||
| 082 |
_aRHC 297.7092 _bKAS- |
||
| 245 |
_aکشمیر میں پاک لہو _bتحریک کمشیر برطانیہ |
||
| 260 |
_aلاہور _bپیرا میڈیا کمیونیکیشن _c1994 |
||
| 300 | _a194 ص | ||
| 942 | _cBK | ||
| 999 |
_c88798 _d88798 |
||